[Event "AUS-ch U18"]
[Site "Canberra"]
[Date "2007.01.22"]
[Round "8"]
[White "Viswanath, Ganesh"]
[Black "Donaldson, Thomas"]
[Result "1-0"]
[WhiteElo "1870"]
[BlackElo "1944"]
[PlyCount "143"]
[EventDate "2007.01.14"]
[EventType "swiss"]
[EventRounds "11"]
[EventCountry "AUS"]
[SourceTitle "EXT 2008"]
[Source "ChessBase"]
[SourceDate "2007.11.25"]
[SourceVersion "1"]
[SourceVersionDate "2007.11.25"]
[SourceQuality "1"]

1. Nf3 d5 2. d4 c6 3. c4 e6 4. Qc2 f5 5. Bf4 Nf6 6. e3 Qa5+ 7. Nc3 Ne4 8. Nd2 Nd7 9. h4 Nxd2 10. Qxd2 Nf6 11. f3 Bb4 12. Rc1 Qd8 13. c5 Ba5 14. a3 Bc7 15. g3 Qe7 16. b4 e5 17. dxe5 Bxe5 18. Bxe5 Qxe5 19. Kf2 0-0 20. Ne2 Bd7 21. Nd4 Be8 22. Bd3 Bh5 23. Kg2 Rae8 24. Rhe1 g6 25. a4 a6 26. Rb1 Rc8 27. Rb3 Qe7 28. Rc1 Nd7 29. Be2 Ne5 30. b5 axb5 31. axb5 h6 32. Rcb1 Rc7 33. bxc6 bxc6 34. Qa5 Rfc8 35. Rb8 Kh7 36. Qa8 Rxb8 37. Rxb8 Nf7 38. Re8 Qf6 39. Re6 Qd8 40. Qxd8 Nxd8 41. Re8 Nb7 42. Ne6 g5 43. Nxc7 Bxe8 44. Nxe8 Nxc5 45. Bd1 f4 46. Bc2+ Kg8 47. exf4 gxf4 48. g4 Ne6 49. Bf5 Nd4 50. Nf6+ Kf7 51. Nh5 Nxf5 52. gxf5 d4 53. Kf2 c5 54. Ke2 c4 55. Kd2 Ke7 56. Kc2 Kd6 57. f6 Ke6 58. Kb2 Kf7 59. Ka3 d3 60. Kb2 d2 61. Kc2 c3 62. Kd1 Kg6 63. Nxf4+ Kxf6 64. Ne2 Kf5 65. h5 Kg5 66. Nxc3 Kxh5 67. Kxd2 Kg5 68. Ke3 h5 69. f4+ Kg4 70. Ne4 h4 71. Ng5 Kh5 72. Kf3 1-0

[Event "Perth Huntingdale Masters"]
[Site "Perth"]
[Date "2006.06.23"]
[Round "1"]
[White "Dunlop, Gordon"]
[Black "Donaldson, Thomas"]
[Result "0-1"]
[WhiteElo "1812"]
[BlackElo "1788"]
[PlyCount "98"]
[EventDate "2006.04.21"]
[EventType "tourn"]
[EventRounds "9"]
[EventCountry "AUS"]
[SourceTitle "EXT 2010"]
[Source "ChessBase"]
[SourceDate "2010.11.25"]
[SourceVersion "1"]
[SourceVersionDate "2010.11.25"]
[SourceQuality "1"]

1. e4 c6 2. d4 d5 3. exd5 cxd5 4. Bd3 g6 5. c3 Bg7 6. h3 Nc6 7. Nf3 a6 8. 0-0 Bf5 9. Bxf5 gxf5 10. Bf4 Nf6 11. Ne5 0-0 12. Nd2 Ne4 13. Nxe4 fxe4 14. Qg4 Kh8 15. f3 f5 16. Qh5 Nxe5 17. Bxe5 Bxe5 18. dxe5 Qb6+ 19. Kh1 Qg6 20. Qxg6 hxg6 21. Rad1 Rad8 22. Rd4 e6 23. Kg1 Kg7 24. Kf2 g5 25. Ke2 Kg6 26. c4 dxc4 27. Rxc4 exf3+ 28. Rxf3 Rd5 29. Rd3 Rfd8 30. Rxd5 Rxd5 31. Rc7 Rxe5+ 32. Kd2 Rb5 33. b3 f4 34. Kd3 Kf5 35. Rf7+ Ke5 36. Rc7 Kf6 37. Kd2 e5 38. Kd3 Rb4 39. Kc3 Rb6 40. Rh7 Kg6 41. Re7 Kf5 42. Rf7+ Ke4 43. Rg7 Ke3 44. Rxg5 Rc6+ 45. Kb2 e4 46. h4 f3 47. gxf3 exf3 48. Rf5 f2 49. Re5+ Kf4 0-1

[Event "Perth Huntingdale Masters"]
[Site "Perth"]
[Date "2006.06.09"]
[Round "8"]
[White "Hare, Tim"]
[Black "Donaldson, Thomas"]
[Result "1-0"]
[WhiteElo "2067"]
[BlackElo "1788"]
[PlyCount "95"]
[EventDate "2006.04.21"]
[EventType "tourn"]
[EventRounds "9"]
[EventCountry "AUS"]
[SourceTitle "EXT 2010"]
[Source "ChessBase"]
[SourceDate "2010.11.25"]
[SourceVersion "1"]
[SourceVersionDate "2010.11.25"]
[SourceQuality "1"]

1. g3 d5 2. Bg2 c6 3. Nf3 Nf6 4. 0-0 Bg4 5. h3 Bxf3 6. exf3 e6 7. d3 Bd6 8. f4 Qc7 9. Nd2 Nbd7 10. Nf3 h6 11. Qe1 0-0-0 12. b4 Rdg8 13. c4 dxc4 14. dxc4 c5 15. bxc5 Bxc5 16. Rb1 Nb6 17. Ne5 Nh5 18. Be3 Bxe3 19. Qxe3 g5 20. f5 Ng7 21. fxe6 Nf5 22. Qa3 Qxe5 23. Qxa7 fxe6 24. Qxb7+ Kd8 25. Rxb6 Ke8 26. Qb8+ Qxb8 27. Rxb8+ Kf7 28. Rxg8 Rxg8 29. c5 Rc8 30. c6 Nd4 31. a4 Nxc6 32. Rc1 Na7 33. Rxc8 Nxc8 34. a5 Ke7 35. Bb7 Na7 36. Kg2 e5 37. Kf3 Kf6 38. Ke4 Ke6 39. a6 Nb5 40. g4 Na7 41. Kd3 Ke7 42. f3 Kd6 43. Kc4 e4 44. fxe4 h5 45. gxh5 g4 46. hxg4 Ke7 47. h6 Nc8 48. Bxc8 1-0

[Event "Doeberl Cup 44th"]
[Site "Canberra"]
[Date "2006.04.16"]
[Round "5"]
[White "Donaldson, Thomas"]
[Black "Bird, Andrew"]
[Result "0-1"]
[WhiteElo "1788"]
[BlackElo "2125"]
[PlyCount "60"]
[EventDate "2006.04.14"]
[EventType "swiss"]
[EventRounds "7"]
[EventCountry "AUS"]
[SourceTitle "CBM 111 Extra"]
[Source "ChessBase"]
[SourceDate "2006.05.09"]
[SourceVersion "1"]
[SourceVersionDate "2006.05.09"]
[SourceQuality "1"]

1. d4 Nf6 2. c4 g6 3. Nc3 Bg7 4. e4 d6 5. f3 0-0 6. Bd3 c5 7. d5 e6 8. Nge2 exd5 9. exd5 Re8 10. 0-0 Nbd7 11. h3 Ne5 12. f4 Nxd3 13. Qxd3 Bf5 14. Qf3 Ne4 15. Nd1 Qa5 16. Ne3 Nd2 17. Bxd2 Qxd2 18. Nxf5 gxf5 19. Rf2 Re3 20. Qh5 Rae8 21. Nc3 Re1+ 22. Rf1 Rxa1 23. Rxa1 Qxb2 24. Rf1 Qxc3 25. Qxf5 Qxc4 26. Qg5 Kh8 27. Rf3 Rg8 28. Qh5 Qe2 29. Kh2 Bd4 30. Rg3 Qxh5 0-1

[Event "Doeberl Cup 44th"]
[Site "Canberra"]
[Date "2006.04.14"]
[Round "1"]
[White "Donaldson, Thomas"]
[Black "Dragicevic, Domagoj"]
[Result "1-0"]
[WhiteElo "1788"]
[BlackElo "2104"]
[PlyCount "73"]
[EventDate "2006.04.14"]
[EventType "swiss"]
[EventRounds "7"]
[EventCountry "AUS"]
[SourceTitle "CBM 111 Extra"]
[Source "ChessBase"]
[SourceDate "2006.05.09"]
[SourceVersion "1"]
[SourceVersionDate "2006.05.09"]
[SourceQuality "1"]

1. d4 Nf6 2. c4 e6 3. Nc3 d5 4. cxd5 exd5 5. Bg5 Be7 6. e3 0-0 7. Bd3 c6 8. h3 Nbd7 9. Nf3 Re8 10. 0-0 Nf8 11. Ne5 Ne4 12. Bxe7 Qxe7 13. Nxe4 dxe4 14. Bc4 Be6 15. Qb3 Rad8 16. Bxe6 Nxe6 17. Rad1 Rd5 18. f4 exf3 19. Nxf3 Red8 20. Rf2 Nc5 21. Qa3 Qc7 22. Rfd2 Ne4 23. Rd3 Qg3 24. Rf1 Qc7 25. Rfd1 Rh5 26. Ne5 f6 27. Qb3+ Rd5 28. Rc1 Qd6 29. Qxb7 fxe5 30. Rxc6 Qf8 31. Rc8 Rd8 32. Rxd8 Qxd8 33. Qxe4 exd4 34. Qe6+ Kh8 35. Rxd4 Qf8 36. Rf4 Qd8 37. Qf7 1-0

[Event "Stratagem Masters-B U20"]
[Site "Australia"]
[Date "2006.??.??"]
[Round "6"]
[White "Donaldson, Thomas"]
[Black "Hoving, Eliot"]
[Result "1/2-1/2"]
[WhiteElo "1785"]
[BlackElo "1770"]
[PlyCount "128"]
[EventDate "2006.??.??"]
[EventType "tourn"]
[EventRounds "9"]
[EventCountry "AUS"]
[SourceTitle "EXT 2008"]
[Source "ChessBase"]
[SourceDate "2007.11.25"]
[SourceVersion "1"]
[SourceVersionDate "2007.11.25"]
[SourceQuality "1"]

1. d4 d5 2. c4 e5 3. Nc3 dxc4 4. d5 Nf6 5. e4 Bc5 6. Qc2 h6 7. h3 c6 8. Bxc4 0-0 9. Nge2 cxd5 10. Bxd5 Nbd7 11. 0-0 Qe7 12. a3 Nb6 13. Ba2 Be6 14. Bxe6 Qxe6 15. Ng3 Rac8 16. Qe2 a6 17. Qf3 Nc4 18. Nf5 Nd6 19. Nxd6 Qxd6 20. Be3 Bxe3 21. Qxe3 Qe6 22. Rfd1 Rfd8 23. Rd2 Rxd2 24. Qxd2 Qc4 25. f3 Qd4+ 26. Qf2 b5 27. Rd1 Qc4 28. Qa7 Qc6 29. Kh2 Ra8 30. Qe7 Re8 31. Rd8 Rxd8 32. Qxd8+ Qe8 33. Qc7 Qe6 34. Qd8+ Kh7 35. Qd2 Qc6 36. Nd5 Nxd5 37. exd5 Qd6 38. Kh1 Kg8 39. Qd3 f6 40. a4 bxa4 41. Qc4 Kf7 42. Qxa4 Qxd5 43. Qxa6 Qd1+ 44. Kh2 Qd2 45. Qc4+ Ke7 46. Qc5+ Kf7 47. b4 Qf4+ 48. Kh1 Ke6 49. Qc8+ Ke7 50. b5 Qd4 51. Qg8 g5 52. Qg7+ Ke6 53. Qc7 Qd7 54. Qc4+ Qd5 55. Qc8+ Qd7 56. Qg8+ Kd6 57. Qf8+ Ke6 58. Qg8+ Kd6 59. Qc4 Qc7 60. Qb4+ Qc5 61. Qb2 Kc7 62. Qa2 Qc1+ 63. Kh2 Qf4+ 64. g3 Qd4 1/2-1/2

[Event "Stratagem Masters-B U20"]
[Site "Australia"]
[Date "2006.??.??"]
[Round "8"]
[White "Donaldson, Thomas"]
[Black "Mendes da Costa, Alex"]
[Result "1-0"]
[WhiteElo "1785"]
[BlackElo "1935"]
[PlyCount "69"]
[EventDate "2006.??.??"]
[EventType "tourn"]
[EventRounds "9"]
[EventCountry "AUS"]
[SourceTitle "EXT 2008"]
[Source "ChessBase"]
[SourceDate "2007.11.25"]
[SourceVersion "1"]
[SourceVersionDate "2007.11.25"]
[SourceQuality "1"]

1. d4 Nf6 2. c4 c5 3. d5 b5 4. cxb5 a6 5. b6 d6 6. Nc3 Nbd7 7. e4 g6 8. f4 Nxb6 9. Nf3 Bg7 10. Be2 0-0 11. 0-0 Qc7 12. Kh1 Bd7 13. a4 Qb7 14. Qc2 Rfb8 15. Re1 Bg4 16. h3 Bd7 17. Ng5 Qc8 18. a5 h6 19. Nf3 Bxh3 20. axb6 Bd7 21. Bc4 Rxb6 22. e5 Bf5 23. Bd3 Nh5 24. Kh2 Bxd3 25. Qxd3 Qg4 26. Qe3 Rb4 27. Ne2 Kh7 28. Ra3 a5 29. Rf1 Qc8 30. Ne1 Qf5 31. Nd3 Re4 32. Qf3 dxe5 33. g4 Rxe2+ 34. Qxe2 Nxf4 35. Nxf4 1-0

[Event "Stratagem Masters-B U20"]
[Site "Australia"]
[Date "2006.??.??"]
[Round "7"]
[White "Guo Yuthok, Sherab"]
[Black "Donaldson, Thomas"]
[Result "1/2-1/2"]
[WhiteElo "1720"]
[BlackElo "1785"]
[PlyCount "66"]
[EventDate "2006.??.??"]
[EventType "tourn"]
[EventRounds "9"]
[EventCountry "AUS"]
[SourceTitle "EXT 2008"]
[Source "ChessBase"]
[SourceDate "2007.11.25"]
[SourceVersion "1"]
[SourceVersionDate "2007.11.25"]
[SourceQuality "1"]

1. e4 c6 2. d4 d5 3. exd5 cxd5 4. Bd3 Nc6 5. c3 g6 6. Bf4 Bg7 7. Nd2 Nf6 8. Ngf3 Bf5 9. Bc2 0-0 10. 0-0 b5 11. Ne5 Rc8 12. f3 Bxc2 13. Qxc2 Nd7 14. Nxc6 Rxc6 15. Qd3 a6 16. Rfe1 e6 17. Nb3 Qb6 18. Be3 b4 19. Rac1 Rfc8 20. Nc5 Nxc5 21. dxc5 Qb7 22. Rb1 bxc3 23. b4 Qb5 24. Qxb5 axb5 25. a4 Rb8 26. Bf4 Rb7 27. Ra1 h6 28. a5 Ra7 29. Ra2 f6 30. Bd6 Kf7 31. f4 Bf8 32. Bxf8 Kxf8 33. Kf2 Raa6 1/2-1/2